000 01013nam0a22002531 4500
001 rc\127431
005 20260406115213.0
010 _a5-7749-0007-X
_910000
035 _a(NLR Aleph) 005382956
090 _a7120147
_c7120148
100 _a20021216d1997 |||y0rusy50 ca
101 0 _arus
102 _aRU
105 _ay |||||||||
200 1 _aКак составить бизнес-план торговой компании
_eПер. с англ.
_fАкад. нар. хоз-ва при Правительстве Рос. Федерации, Рос.-канад. совмест. предприятие "Мосвест"
_g[Под ред. С.О. Календжяна, к. э. н.]
210 _aМ.
_cДело
_d1997
215 _a70 с.
_d29
225 1 _aАзбука бизнеса
712 0 2 _aАкадемия народного хозяйства
_cМосква
_9295621
_3RU\NLR\AUTH\8811470
801 0 _aRU
_bNLR
_gpsbo
801 1 _aRU
_bELAR
_2rusmarc
852 _aNLR
_j97-8/720
942 _cBOOK
980 _aNB